000 00364nam a2200157Ia 4500
008 230524s9999 xx 000 0 und d
082 _a621.386
_bKIL
100 _aR.Krishnan
245 0 _aElectric Motor Drives
250 _a1ST
260 _aNEW DELHI
_bPHI
_c2006
300 _aXX;621
500 _aQuantity Number: 2
650 _aElectrical
942 _cBK
999 _c36307
_d36307